| 000 | 00332cgm a2200121 4500 | ||
|---|---|---|---|
| 001 | 3958 | ||
| 005 | 20181127172300.0 | ||
| 010 | _a 00567163 | ||
| 245 | 0 | 0 |
_aLife and debt / _cdirector, Stephanie Black. |
| 260 | _a2001. | ||
| 300 |
_a1 videodisc (80 min.) : _bsd., col. ; _c4 3/4 in. |
||
| 651 |
_aJamaica --Economic conditions. _v _x _y _z _2 |
||
| 999 |
_c3228 _d3228 |
||